000 00215 a2200109 4500
020 _a9780882721361
041 _aspa
100 _aJin Kyu Park
245 _aLa rotacion y la Traslacion
942 _cBK
952 _71
999 _c23108
_d23108